Quiz jeux vidéos 2023 - Statistiques

Statistiques générales
  • Ce quiz a été pris 439 fois
  • Le résultat moyen est 8 sur 15
Statistiques - réponses
Question Réponse % Correct
Comment s' appelle le jeux derivée de la saga Harry Poter en 2023 ? Hogwarts Legacy : L'héritage de poudlard
98%
Quel Assassin's creed est sortie en octobre 2023 ? Assassin's creed Mirage
88%
Qui est l'ennemi principal dans Marvel spider-man 2 ? Venom
79%
Comment s'appelle le droïde qui accompagne Cal Kestis dans Star wars jedi : survivor ? BD-1
74%
Quls jeu a été élue GOTY 2023 ? Baldur's Gate III
72%
Qui a développé Star wars jedi : Survivor ? Respawn entertainment
56%
Quel jeux a sortie Bethesda games studios cette année ? Starfield
56%
Qui a edité Forza motorsport (8) ? Xbox games studios
51%
Dans Avatar Frontiers of Pandora comment le quelle de ces clans na'vi n'existe pas ? Barhinaee
49%
Ou se trouve le festival du motorfest dans Thé Crew Motorfest ? Hawaii
49%
Avec quel partenaire Lego a t'il crée un jeu de course ? 2K
37%
En quel mois est sortie The Crew Motorfest ? Septembre
35%
Quel est le surnom de Starfield ? Le RPG aux milles planètes
28%
Quel est le rival de Gran Turismo sortie en 2023 ? Forza motorsport (8)
23%
Qui est le boss final de Star wars Jedi : Survivor ? Bode
19%
Aucun quiz correspondant
Distribution des résultats
% des personnes avec chaque résultat
Percentile par nombre de réponses
Votre historique - résultats
Vous n’avez pas pris ce quiz